000 00771nam a2200241Ii 4500
003 JO-AjNU
008 230605s9999||||xx |||||||||||||| ||und||
017 _a2017/4987
020 _a978-977-02-8513-8
040 _aJO-AjNU
_bara
_erda
_cJO-AjNU
041 _aara
050 1 4 _aPJ7531.D3 2019
100 3 _aضيف، شوقي,
_eauthor
_961958
245 0 0 _aالعصر العباسي الأول: تاريخ الادب العربي
250 _aط25
264 3 1 _aالقاهرة: دار المعارف، 2019
300 _a576ص
336 _atext
_btxt
_2rdacontent
337 _aunmediated
_bn
_2rdamedia
338 _avolume
_bnc
_2rdacarrier
490 0 _aتاريخ الادب العرب3
650 4 _aالعصر العباسي-تاريخ الادب
_961959
999 _aA28032
_c31600
_d31600